000 00405nam a22001577a 4500
003 OSt
005 20210923120026.0
008 210923b |||||||| |||| 00| 0 eng d
040 _cHAWASSA UNIVERSITY
050 _a334/HEL
_b1
082 _a334/HEL
_b1
100 _aHELM C.FRANZ
_qHELM C.FRANZ
_96605
245 _aTHE ECONOMICS OF CO-OPERATIVE ENTERPRISE
260 _aLONDON
_c1968
942 _2ddc
_cBOOKS
_n0
999 _c6343
_d6343